| 000 -LEADER |
| fixed length control field |
01102cam a22003014a 4500 |
| 005 - DATE AND TIME OF LATEST TRANSACTION |
| control field |
20131016055451.0 |
| 008 - FIXED-LENGTH DATA ELEMENTS--GENERAL INFORMATION |
| fixed length control field |
011026s2002 nyu b 001 0 eng |
| 020 ## - INTERNATIONAL STANDARD BOOK NUMBER |
| International Standard Book Number |
0393977633 |
| 041 0# - LANGUAGE CODE |
| Language code of text/sound track or separate title |
eng |
| 080 ## - UNIVERSAL DECIMAL CLASSIFICATION NUMBER |
| Universal Decimal Classification number |
32 |
| 100 1# - Rafti |
| Rafti |
Ginsberg, Benjamin. |
| 245 10 - TITLE STATEMENT |
| Title |
Politics by other means : |
| Statement of responsibility, etc |
Benjamin Ginsberg, Martin Shefter. |
| 250 ## - |
| -- |
3rd ed. |
| 260 ## - |
| -- |
New York : |
| -- |
Norton, |
| -- |
c2002. |
| 300 ## - |
| -- |
266 p. ; |
| -- |
21 cm. |
| 500 ## - |
| -- |
Preface to the third edition f. : [9] - [10] |
| 504 ## - BIBLIOGRAPHY, ETC. NOTE |
| Bibliography, etc |
Includes bibliographical references and index. |
| 650 #0 - |
| -- |
Politika botërore |
| -- |
United States. |
| 650 #0 - |
| -- |
Shkenca politike |
| 650 #0 - |
| -- |
Politika praktike |
| -- |
United States. |
| 650 #0 - |
| -- |
Elections |
| -- |
United States. |
| 650 #0 - |
| -- |
Governmental investigations |
| -- |
United States. |
| 650 #0 - |
| -- |
Mass media |
| -- |
Political aspects |
| -- |
United States. |
| 651 #0 - |
| -- |
United States |
| -- |
Politics and government |
| -- |
1945-1989. |
| 651 #0 - |
| -- |
United States |
| -- |
Politics and government |
| -- |
1989- |
| 700 1# - |
| -- |
Shefter, Martin, |
| -- |
1943- |
| 942 ## - ADDED ENTRY ELEMENTS (KOHA) |
| Source of classification or shelving scheme |
|
| Item type |
Books |